Die Lage der englischen Landwirtschaft unter dem Drucke der internationalen Konkurrenz der Gegenwart und Mittel und Wege zur Besserung derselben / (Record no. 23622)

MARC details
000 -LEADER
fixed length control field 00880cam a22002411a 4500
001 - CONTROL NUMBER
control field g 01001006
003 - CONTROL NUMBER IDENTIFIER
control field DLC
005 - DATE AND TIME OF LATEST TRANSACTION
control field 20260227111253.0
008 - FIXED-LENGTH DATA ELEMENTS--GENERAL INFORMATION
fixed length control field 810526s1896 gw 000 0 ger
010 ## - LIBRARY OF CONGRESS CONTROL NUMBER
LC control number g 01001006
035 ## - SYSTEM CONTROL NUMBER
System control number (OCoLC)7444632
040 ## - CATALOGING SOURCE
Original cataloging agency DLC
Transcribing agency KU
Modifying agency KU
-- DLC
042 ## - AUTHENTICATION CODE
Authentication code premarc
050 00 - LIBRARY OF CONGRESS CALL NUMBER
Classification number HD1925
Item number .K78
100 1# - MAIN ENTRY--PERSONAL NAME
Personal name Koenig, Francis Philip.
245 14 - TITLE STATEMENT
Title Die Lage der englischen Landwirtschaft unter dem Drucke der internationalen Konkurrenz der Gegenwart und Mittel und Wege zur Besserung derselben /
Statement of responsibility, etc. von F.Ph. Koenig.
260 ## - PUBLICATION, DISTRIBUTION, ETC.
Place of publication, distribution, etc. Jena :
Name of publisher, distributor, etc. G. Fischer,
Date of publication, distribution, etc. 1896.
300 ## - PHYSICAL DESCRIPTION
Extent xi, 445 p. ;
Dimensions 24 cm.
490 0# - SERIES STATEMENT
Series statement Sammlung nationalökonomischer und statistischer Abhandlungen ;
Volume/sequential designation Bd. 9, Heft 2
504 ## - BIBLIOGRAPHY, ETC. NOTE
Bibliography, etc. note Includes bibliographical references.
650 #0 - SUBJECT ADDED ENTRY--TOPICAL TERM
Topical term or geographic name entry element Agriculture
General subdivision Economic aspects
Geographic subdivision Great Britain.
650 #0 - SUBJECT ADDED ENTRY--TOPICAL TERM
Topical term or geographic name entry element Agriculture
Geographic subdivision Great Britain.

No items available.

Powered by Koha